| 000 | 00775cam a2200217 4500 | ||
|---|---|---|---|
| 001 | BFD002836 | ||
| 008 | s1995 mx spa | ||
| 020 | _a9686800298 | ||
| 035 | _aBFD002836 | ||
| 050 | 0 | 4 |
_aKG548.C9 _bI23 1995 |
| 100 | 1 | _aIbarra Serrano, Francisco Javier | |
| 245 | 1 | 0 |
_aDerecho constitucional comparado : _bLatinoamérica / _cFrancisco Javier Ibarra Serrano. |
| 250 | _a1a ed. | ||
| 260 |
_aMéxico : _b Universidad Michoacana de San Nicolas de Hidalgo. Facultad de Derecho y Ciencias Sociales, _c1995 |
||
| 300 |
_a191 p. ; _c23 cm. |
||
| 504 | _aBibliografía : p. 187 | ||
| 504 | _aIncluye índice | ||
| 650 | 7 |
_aDerecho constitucional _zLatinoamérica _2lemb |
|
| 650 | 7 |
_aDerecho comparado _zLatinoamericano _2lemb |
|
| 942 |
_2lcc _cLIB |
||
| 999 |
_c126702 _d126702 |
||